00301pab a2200121 454500008004000000100002200040245005000062260000900112300001000121362001200131650001600143773002000159180718b1989 xxu||||| |||| 00| 0 eng d aGugnani, Hans Raj aEducational consultancy in the private sector c1989 a4-5,7 a21 Aug. aConsultants aUniversity News